[Event "Barber/Rockefeller Qualifier"]
[Site "Chess.com"]
[Date "2020.04.12"]
[Round "?"]
[White "Han, Shuyi"]
[Black "Ma, Lucas"]
[Result "0-1"]
[WhiteElo "1106"]
[BlackElo "1372"]
[PlyCount "110"]
[EventDate "2020.??.??"]

1. e4 c5 2. Nf3 Nc6 3. d4 cxd4 4. Nxd4 g6 5. Be3 Bg7 6. Nc3 Nf6 7. Bc4 O-O 8.
f3 d6 9. Qd2 Bd7 10. O-O-O a6 11. Nxc6 Bxc6 12. Bh6 b5 13. Bb3 a5 14. Bxg7 Kxg7
15. g4 h5 16. gxh5 Nxh5 17. f4 b4 18. Nd5 Bxd5 19. Bxd5 Rb8 20. f5 a4 21. fxg6
fxg6 22. Qg5 e5 23. Qxd8 Rbxd8 24. Bc6 a3 25. b3 Rf2 26. Rdf1 Rg2 27. Bb5 Rf8
28. Rxf8 Kxf8 29. Rf1+ Nf4 30. h3 Rh2 31. Bd7 Ke7 32. Bg4 Nxh3 33. Bxh3 Rxh3
34. Rg1 Rh6 35. Kd2 Rh2+ 36. Kd3 Kf6 37. Rf1+ Kg5 38. Rc1 Kh4 39. Kc4 g5 40.
Kxb4 g4 41. Kxa3 g3 42. c4 g2 43. Rg1 Kh3 44. Rxg2 Rxg2 45. b4 Re2 46. c5 Rxe4
47. c6 Rc4 48. b5 e4 49. Kb3 Rc1 50. Kb2 Rc5 51. a4 e3 52. Kb3 e2 53. Kb2 e1=Q
54. Kb3 Qb1+ 55. Ka3 Rc3# 0-1

[Event "Barber/Rockefeller Qualifier"]
[Site "Chess.com"]
[Date "2020.04.12"]
[Round "?"]
[White "Zhang, Michelle"]
[Black "Han, Shuyi"]
[Result "1-0"]
[WhiteElo "1371"]
[BlackElo "1106"]
[PlyCount "35"]
[EventDate "2020.??.??"]

1. e4 c5 2. Nf3 d6 3. d4 cxd4 4. Nxd4 Nf6 5. Nc3 g6 6. Be3 Bg7 7. f3 O-O 8. Qd2
Bd7 9. O-O-O Nc6 10. g4 a5 11. h4 Nxd4 12. Bxd4 Rb8 13. h5 gxh5 14. gxh5 h6 15.
Rg1 b5 16. Qxh6 Ne8 17. Rxg7+ Nxg7 18. Qxg7# 1-0

[Event "Barber/Rockefeller Qualifier"]
[Site "Chess.com"]
[Date "2020.04.12"]
[Round "?"]
[White "Kwan, Joshua"]
[Black "Han, Shuyi"]
[Result "1-0"]
[WhiteElo "1329"]
[BlackElo "1106"]
[PlyCount "129"]
[EventDate "2020.??.??"]

1. e4 c5 2. Nf3 d6 3. d4 cxd4 4. Nxd4 Nf6 5. Nc3 g6 6. f4 Bg7 7. e5 dxe5 8.
fxe5 Nd5 9. Bb5+ Bd7 10. Nxd5 Bxb5 11. Nxb5 Qa5+ 12. Ndc3 O-O 13. O-O Nc6 14.
Kh1 Qd8 15. Qxd8 Rfxd8 16. Bf4 Nxe5 17. Bxe5 Bxe5 18. Rae1 Bf6 19. Nc7 Rac8 20.
N7d5 Kf8 21. Nxf6 exf6 22. Rxf6 Rd2 23. Rc1 Ke7 24. Rf3 Rcd8 25. Re3+ Kd7 26.
Ne4 Rd5 27. Nf6+ Kc8 28. Nxd5 Rxd5 29. Re8+ Kd7 30. Rb8 b6 31. Rb7+ Ke6 32.
Rxa7 Rf5 33. Re1+ Kd5 34. Rd7+ Kc4 35. h3 Rf2 36. Rc7+ Kb5 37. Kg1 Rf6 38. Re5+
Ka6 39. Ree7 Kb5 40. Rxf7 Rxf7 41. Rxf7 h5 42. Rg7 Ka4 43. Rxg6 b5 44. Ra6+ Kb4
45. a3+ Kc5 46. Kf2 Kd5 47. Ke3 Kc4 48. Rc6+ Kd5 49. Rh6 Kc5 50. Rxh5+ Kb6 51.
b3 Kc6 52. g4 Kd6 53. Rf5 Ke6 54. Rxb5 Kf6 55. Rf5+ Kg6 56. Kf4 Kg7 57. a4 Kg6
58. a5 Kg7 59. a6 Kg6 60. a7 Kg7 61. a8=Q Kg6 62. Qc6+ Kg7 63. Qf6+ Kh7 64.
Rh5+ Kg8 65. Rh8# 1-0

[Event "Barber/Rockefeller Qualifier"]
[Site "Chess.com"]
[Date "2020.04.11"]
[Round "?"]
[White "Chaurasia, Ishi"]
[Black "Harding, Griffin"]
[Result "1-0"]
[WhiteElo "668"]
[BlackElo "421"]
[PlyCount "55"]
[EventDate "2020.??.??"]

1. e4 e5 2. Nf3 d6 3. Nc3 f6 4. Bb5+ Nc6 5. O-O Bg4 6. d3 a6 7. Bc4 b5 8. Bb3
Nd4 9. Bd5 c6 10. Bb3 Nxf3+ 11. Kh1 Qd7 12. Be3 Qf5 13. exf5 O-O-O 14. Be6+ Kc7
15. Bb3 Nxh2 16. Qxg4 Nxf1 17. Rxf1 Nh6 18. Qb4 Nxf5 19. Qa5+ Kb7 20. Qxd8 Nxe3
21. fxe3 g5 22. Rxf6 Rg8 23. Rf7+ Be7 24. Qxe7+ Kb6 25. Qb7+ Ka5 26. Qc7+ Kb4
27. a3+ Kc5 28. Qa7# 1-0

[Event "Barber/Rockefeller Qualifier"]
[Site "Chess.com"]
[Date "2020.04.11"]
[Round "?"]
[White "Verhage, Graham"]
[Black "Chaurasia, Ishi"]
[Result "0-1"]
[WhiteElo "555"]
[BlackElo "668"]
[PlyCount "56"]
[EventDate "2020.??.??"]

1. e4 e5 2. f3 Qh4+ 3. g3 Qd8 4. f4 exf4 5. gxf4 Qh4+ 6. Ke2 Qg4+ 7. Nf3 Qxf4
8. Bg2 Qxe4+ 9. Kf2 Bc5+ 10. d4 Bb4 11. Kf1 d5 12. Ng5 Qf5+ 13. Ke2 Qg4+ 14.
Kd3 Qf5+ 15. Ke3 Qxg5+ 16. Kf3 Qf5+ 17. Ke3 Nf6 18. Ke2 Qe6+ 19. Kf1 Bd7 20.
Qh5 Nxh5 21. Bxd5 Qxd5 22. Kf2 Qxh1 23. Ke3 Qxc1+ 24. Ke4 Bc6+ 25. d5 Qxc2+ 26.
Ke5 f6+ 27. Ke6 Qe2+ 28. Kf5 g6# 0-1

[Event "Barber/Rockefeller Qualifier"]
[Site "Chess.com"]
[Date "2020.04.11"]
[Round "?"]
[White "Chaurasia, Ishi"]
[Black "Ivanovic, Lena"]
[Result "1/2-1/2"]
[WhiteElo "668"]
[BlackElo "660"]
[PlyCount "98"]
[EventDate "2020.??.??"]

1. e4 e5 2. Nf3 Nc6 3. Nc3 Nf6 4. Bb5 a6 5. Bxc6 bxc6 6. Nxe5 Be7 7. O-O O-O 8.
a3 h6 9. d4 Rb8 10. a4 Bb7 11. Nc4 d6 12. e5 dxe5 13. Nxe5 Qd6 14. Nc4 Qe6 15.
Na5 Bc8 16. Bf4 Ne8 17. Ra2 Qg6 18. Re1 Bh3 19. Kf1 Qxg2+ 20. Ke2 Qg4+ 21. f3
Qxf4 22. Qd3 Qxh2+ 23. Kd1 Qf4 24. Rxe7 Bg2 25. Nxc6 Bxf3+ 26. Ke1 Qg3+ 27. Kf1
Qg2+ 28. Ke1 Qh1+ 29. Kd2 Qg2+ 30. Ke1 Qg3+ 31. Kf1 Bg2+ 32. Ke2 Qg4+ 33. Ke1
Qh4+ 34. Kd2 Qf4+ 35. Kd1 Qg4+ 36. Kd2 Qg5+ 37. Ke2 Qg4+ 38. Kd2 Rb6 39. d5 Nd6
40. a5 Rb7 41. Qxa6 f5 42. Re6 Kh7 43. Ne7 c5 44. Rxd6 Rbb8 45. Qc6 Qf4+ 46.
Kd1 Qf1+ 47. Kd2 Qf4+ 48. Kd3 Qf1+ 49. Kd2 Qf4+ 1/2-1/2

[Event "Barber/Rockefeller Qualifier"]
[Site "Chess.com"]
[Date "2020.04.11"]
[Round "?"]
[White "Gajcowski, Devin"]
[Black "Chaurasia, Ishi"]
[Result "0-1"]
[WhiteElo "564"]
[BlackElo "668"]
[PlyCount "70"]
[EventDate "2020.??.??"]

1. e4 e5 2. Nf3 Nc6 3. Be2 Nf6 4. Nc3 Bb4 5. O-O Bxc3 6. dxc3 Nxe4 7. Bd3 Nc5
8. b4 Na4 9. Bb5 Nb6 10. Bxc6 bxc6 11. Nxe5 O-O 12. Re1 Nd5 13. Qe2 Nxc3 14.
Bd2 Nxe2+ 15. Rxe2 d6 16. Nd3 c5 17. Rae1 c4 18. Nb2 Ba6 19. h3 Qd7 20. Kh2 c3
21. Bxc3 Bxe2 22. Rxe2 d5 23. Bd4 Qd6+ 24. Kg1 Qxb4 25. c3 Qb5 26. c4 dxc4 27.
Be5 c3 28. Nd1 Qxe2 29. Nxc3 Qe1+ 30. Kh2 Qxe5+ 31. Kh1 Qxc3 32. Kh2 Rfd8 33.
f3 Qe5+ 34. g3 Rd2+ 35. Kg1 Qe1# 0-1

[Event "Barber/Rockefeller Qualifier"]
[Site "Chess.com"]
[Date "2020.04.11"]
[Round "?"]
[White "Chaurasia, Ishi"]
[Black "Malugu, Sankalp"]
[Result "1-0"]
[WhiteElo "668"]
[BlackElo "411"]
[PlyCount "30"]
[EventDate "2020.??.??"]

1. e4 e5 2. Nf3 Nc6 3. Nc3 d6 4. Bb5 Bg4 5. Bxc6+ bxc6 6. O-O Nf6 7. d3 d5 8.
exd5 cxd5 9. Bg5 e4 10. dxe4 dxe4 11. Qe1 Bb4 12. a3 Bc5 13. Nxe4 Nxe4 14. Bxd8
Kxd8 15. Qxe4 Bd7 1-0

[Event "Barber/Rockefeller Qualifier"]
[Site "Chess.com"]
[Date "2020.04.11"]
[Round "?"]
[White "Malugu, Sankalp"]
[Black "Ivanovic, Lena"]
[Result "0-1"]
[WhiteElo "411"]
[BlackElo "660"]
[PlyCount "116"]
[EventDate "2020.??.??"]

1. e4 e5 2. Nf3 Nc6 3. Nc3 Nf6 4. Bc4 Bc5 5. d3 O-O 6. Bg5 Qe7 7. Nd5 Qd6 8.
O-O b6 9. Re1 Bb7 10. Nxf6+ Kh8 11. Nh5 a6 12. d4 exd4 13. c3 b5 14. Bb3 a5 15.
Nf6 a4 16. Bh6 gxh6 17. Bc2 Qxf6 18. e5 Qg7 19. Qe2 d6 20. Qe4 Ra6 21. exd6
cxd6 22. Nh4 Na7 23. cxd4 Bxe4 24. dxc5 dxc5 25. Rxe4 Rg8 26. Kf1 Qxb2 27. Rae1
Qxc2 28. Re5 Qc4+ 29. R1e2 Qxh4 30. R2e4 Qxh2 31. Re8 Qh1+ 32. Ke2 Qh5+ 33. Ke3
Kg7 34. R4e5 Qh1 35. R5e7 Qe1+ 36. Kf3 Qc3+ 37. Kf4 Rf6+ 38. Ke4 Nc6 39. Rxg8+
Kxg8 40. Re8+ Kg7 41. f4 Qe1+ 42. Kf3 Qxe8 43. g4 Nd4+ 44. Kg3 Qe3+ 45. Kg2
Qf3+ 46. Kh2 Qxf4+ 47. Kh1 Qf1+ 48. Kh2 Nf3+ 49. Kg3 Rg6 50. a3 Rd6 51. g5 Nxg5
52. Kh2 Nf3+ 53. Kg3 Rg6+ 54. Kf4 Ng5+ 55. Ke3 Qf3+ 56. Kd2 Ne4+ 57. Kc2 Rg2+
58. Kc1 Qf1# 0-1

[Event "Barber/Rockefeller Qualifier"]
[Site "Chess.com"]
[Date "2020.04.11"]
[Round "?"]
[White "Ivanovic, Lena"]
[Black "Gajcowski, Devin"]
[Result "1-0"]
[WhiteElo "660"]
[BlackElo "564"]
[PlyCount "97"]
[EventDate "2020.??.??"]

1. e4 e5 2. Nf3 Nc6 3. Nc3 Be7 4. Be2 Nf6 5. O-O O-O 6. b3 d6 7. Bb2 Be6 8. Bd3
Qd7 9. Qe2 Rad8 10. Bb5 h6 11. Rae1 a6 12. Ba4 b5 13. Nxb5 axb5 14. Bxb5 Na7
15. Bxd7 Rxd7 16. Qa6 Nc8 17. Qe2 Kh7 18. Qe3 Rfd8 19. d3 c5 20. Bc1 d5 21. c4
dxe4 22. dxe4 Nd6 23. Bb2 Ng4 24. Qe2 g6 25. Ba3 Ra8 26. Bxc5 Nb7 27. Bxe7 Rxe7
28. Qd3 Rd7 29. Qc3 Rb8 30. Ng5+ hxg5 31. Qh3+ Kg7 32. Rc1 Nh6 33. Qe3 f6 34.
Rcd1 Rxd1 35. Rxd1 Rd8 36. Rxd8 Nxd8 37. Qa7+ Kf8 38. Qa3+ Kf7 39. Qa8 Nc6 40.
Qxc6 g4 41. Qc7+ Kg8 42. Qd8+ Kh7 43. Qe7+ Kg8 44. Qxe6+ Kf8 45. Qxf6+ Ke8 46.
Qh8+ Kf7 47. Qxh6 Kf6 48. Qf8+ Kg5 49. g3 1-0

[Event "Barber/Rockefeller Qualifier"]
[Site "Chess.com"]
[Date "2020.04.11"]
[Round "?"]
[White "Ivanovic, Lena"]
[Black "Harding, Griffin"]
[Result "1-0"]
[WhiteElo "660"]
[BlackElo "421"]
[PlyCount "59"]
[EventDate "2020.??.??"]

1. e4 e5 2. Nf3 d6 3. Nc3 f6 4. Bb5+ c6 5. Ba4 Bg4 6. O-O b5 7. Bb3 a6 8. a3
Nh6 9. Rb1 Qb6 10. d3 Nd7 11. Be3 Nc5 12. Ba2 O-O-O 13. b4 g5 14. bxc5 dxc5 15.
h3 Bd6 16. hxg4 Nxg4 17. Be6+ Kc7 18. Bxg4 Rhg8 19. Be6 Rg6 20. Bf5 Rh6 21. a4
bxa4 22. Rxb6 Kxb6 23. Nxa4+ Kb5 24. Nc3+ Kb4 25. Na2+ Ka3 26. Qa1 Rh5 27. Nc1+
Kb4 28. Qb2+ Ka4 29. Qb3+ Ka5 30. Bd2# 1-0

[Event "Barber/Rockefeller Qualifier"]
[Site "Chess.com"]
[Date "2020.04.11"]
[Round "?"]
[White "Sankrithi, Sarang"]
[Black "Ivanovic, Lena"]
[Result "0-1"]
[WhiteElo "400"]
[BlackElo "660"]
[PlyCount "114"]
[EventDate "2020.??.??"]

1. e4 e5 2. Nf3 Nc6 3. Bc4 Nf6 4. O-O Nxe4 5. d3 Nd6 6. Bg5 Be7 7. Bxe7 Nxe7 8.
Nc3 O-O 9. Qd2 b6 10. Rae1 Ng6 11. Re2 Bb7 12. Bxf7+ Nxf7 13. Rfe1 Re8 14. Nb5
c6 15. Nc3 Nf4 16. Rxe5 Re7 17. Rxe7 h6 18. Qxf4 g5 19. Qa4 b5 20. Nxb5 a6 21.
Qb3 cxb5 22. Re8+ Kg7 23. Rxd8 Nxd8 24. Re7+ Kf8 25. Rh7 Nc6 26. Qc3 Re8 27. h3
Kg8 28. Qc4+ Kxh7 29. Qe4+ Rxe4 30. dxe4 Nb4 31. c3 Nxa2 32. Ne5 Bc8 33. b3 d6
34. Ng4 Nxc3 35. e5 Ne2+ 36. Kh2 d5 37. Nf6+ Kg6 38. Nxd5 h5 39. g4 h4 40. f4
Bb7 41. Nb4 Nxf4 42. Na2 Bc8 43. Nc3 b4 44. Ne2 Nxe2 45. e6 Bxe6 46. Kg2 Nf4+
47. Kf3 Bd5+ 48. Kf2 Nxh3+ 49. Ke1 Bxb3 50. Kd2 Nf4 51. Kc1 Nd3+ 52. Kb1 Nc5
53. Kb2 Bc4 54. Kc2 b3+ 55. Kd2 Ne4+ 56. Ke1 b2 57. Kd1 b1=Q# 0-1

[Event "Barber/Rockefeller Qualifier"]
[Site "Chess.com"]
[Date "2020.04.11"]
[Round "?"]
[White "Gajcowski, Devin"]
[Black "Sankrithi, Sarang"]
[Result "1-0"]
[WhiteElo "564"]
[BlackElo "400"]
[PlyCount "75"]
[EventDate "2020.??.??"]

1. e4 e5 2. Nf3 Nf6 3. Nc3 Nc6 4. Be2 Bb4 5. O-O O-O 6. h3 Bxc3 7. dxc3 d6 8.
Re1 Bg4 9. Bg5 Bxf3 10. Bxf3 Qd7 11. Bg4 Nxg4 12. hxg4 Rae8 13. Rc1 Re7 14.
Bxe7 Nxe7 15. Kf1 Qb5+ 16. Qe2 Qxe2+ 17. Rxe2 Nc6 18. Rce1 Nd4 19. Rd2 Nxc2 20.
Rxc2 d5 21. Rd2 dxe4 22. Rxe4 Re8 23. Rde2 f5 24. gxf5 h6 25. Kg1 Rd8 26. Rxe5
Rd1+ 27. Kh2 Rd4 28. Re8+ Kh7 29. cxd4 g6 30. fxg6+ Kxg6 31. R8e6+ Kg5 32. Re7
c6 33. Rxb7 a6 34. Rb6 a5 35. Rxc6 h5 36. Rc5+ Kg4 37. Rxa5 h4 38. Re4# 1-0

[Event "Barber/Rockefeller Qualifier"]
[Site "Chess.com"]
[Date "2020.04.11"]
[Round "?"]
[White "Gajcowski, Devin"]
[Black "Verhage, Graham"]
[Result "1-0"]
[WhiteElo "564"]
[BlackElo "555"]
[PlyCount "79"]
[EventDate "2020.??.??"]

1. e4 e5 2. Nf3 Nc6 3. Be2 d6 4. O-O Bf5 5. Nc3 Nf6 6. d3 Bxe4 7. dxe4 Nxe4 8.
Nxe4 d5 9. Ned2 e4 10. Ng5 Ne5 11. Nxh7 Rxh7 12. Bb5+ c6 13. Be2 d4 14. Nxe4 d3
15. Bxd3 Nxd3 16. Ng5 Nxc1 17. Nxh7 Nxa2 18. Nxf8 Nb4 19. Ra4 Nd5 20. Rd4 Ne3
21. Re1 Qg5 22. Rxe3+ Kxf8 23. Re5 Qxg2+ 24. Kxg2 c5 25. Rd6 f6 26. Ree6 Kf7
27. Qd5 Kg6 28. Qxc5 Kf7 29. Qd5 Kg6 30. Rd8 Rxd8 31. Qxd8 Kg5 32. Qc7 f5 33.
Qxg7+ Kf4 34. Qxb7 Kg4 35. Qxa7 f4 36. Qg7+ Kf5 37. Qf7+ Kg4 38. Re3 fxe3 39.
Qe7 exf2 40. Kxf2 1-0

[Event "Barber/Rockefeller Qualifier"]
[Site "Chess.com"]
[Date "2020.04.11"]
[Round "?"]
[White "Chapman, Zara"]
[Black "Gajcowski, Devin"]
[Result "0-1"]
[WhiteElo "1000"]
[BlackElo "564"]
[PlyCount "92"]
[EventDate "2020.??.??"]

1. d4 b6 2. d5 e6 3. dxe6 dxe6 4. Nf3 Qxd1+ 5. Kxd1 Be7 6. Nd4 Nf6 7. Nc6 Nxc6
8. e3 O-O 9. Bc4 Bd7 10. Bb5 Rad8 11. Bxc6 Bxc6+ 12. Ke1 Bb4+ 13. Kf1 Nd5 14.
e4 Ne7 15. e5 Bc5 16. Nc3 Bd4 17. Na4 Bxa4 18. a3 Bd7 19. a4 Bxe5 20. Ra3 Bd6
21. Kg1 Bxa3 22. h3 Bxb2 23. Rh2 Bxc1 24. Kf1 Bf4 25. Kg1 Bxh2+ 26. Kxh2 a5 27.
Kh1 Bxa4 28. c3 Bb5 29. c4 Bxc4 30. f4 Bf1 31. f5 exf5 32. Kg1 Bc4 33. Kh1 Rd1+
34. Kh2 Bd5 35. g3 Re1 36. g4 Rh1+ 37. Kg3 fxg4 38. Kh4 Rg1 39. hxg4 Ng6+ 40.
Kh5 Ne5 41. Kg5 Rxg4+ 42. Kh5 Rg1 43. Kh4 Re8 44. Kh3 Re6 45. Kh2 Rg5 46. Kh3
Rh6# 0-1

[Event "Barber/Rockefeller Qualifier"]
[Site "Chess.com"]
[Date "2020.04.11"]
[Round "?"]
[White "Chapman, Zara"]
[Black "Verhage, Graham"]
[Result "0-1"]
[WhiteElo "1000"]
[BlackElo "555"]
[PlyCount "68"]
[EventDate "2020.??.??"]

1. g4 e5 2. e4 d6 3. Nf3 b6 4. Rg1 f6 5. Bc4 Nh6 6. h3 Nxg4 7. hxg4 Be7 8. c3
Bf8 9. Na3 Bxg4 10. Rxg4 Nc6 11. Rg3 Nd4 12. d3 Nc2+ 13. Ke2 Nxa1 14. b3 Nxb3
15. Bxb3 d5 16. Rg5 fxg5 17. Nxe5 Bxa3 18. c4 Bxc1 19. Qxc1 dxe4 20. dxe4 O-O
21. f4 Rxf4 22. Ba4 Rh4 23. Ng4 Rxg4 24. e5 Rg2+ 25. Ke1 Rg3 26. e6 Re3+ 27.
Kf1 Re4 28. e7 Qxe7 29. c5 Qxc5 30. Qa1 Rg4 31. a3 Qe3 32. Bd7 Rf8+ 33. Qf6
Rxf6+ 34. Bf5 Rxf5# 0-1

[Event "Barber/Rockefeller Qualifier"]
[Site "Chess.com"]
[Date "2020.04.11"]
[Round "?"]
[White "Verhage, Graham"]
[Black "Sankrithi, Sarang"]
[Result "0-1"]
[WhiteElo "555"]
[BlackElo "400"]
[PlyCount "64"]
[EventDate "2020.??.??"]

1. e4 e5 2. Nc3 Nf6 3. Nf3 Bb4 4. a3 Bxc3 5. dxc3 d6 6. Nxe5 O-O 7. Ng6 Bg4 8.
f3 Nc6 9. fxg4 Nxe4 10. Nxf8 Qxf8 11. Bg5 Nxc3 12. Be7 Nxd1 13. Bxf8 Rxf8 14.
Bc4 Re8+ 15. Be6 fxe6 16. Rf1 Rf8 17. Rf4 Rxf4 18. Rxd1 e5 19. g3 Rd4 20. Rxd4
exd4 21. g5 h6 22. b4 hxg5 23. b5 Ne5 24. b6 cxb6 25. c4 Nxc4 26. a4 b5 27.
axb5 a6 28. bxa6 bxa6 29. h4 gxh4 30. gxh4 Ne5 31. h5 Kf7 32. h6 gxh6 0-1

[Event "Barber/Rockefeller Qualifier"]
[Site "Chess.com"]
[Date "2020.04.11"]
[Round "?"]
[White "Harding, Griffin"]
[Black "Verhage, Graham"]
[Result "1-0"]
[WhiteElo "421"]
[BlackElo "555"]
[PlyCount "127"]
[EventDate "2020.??.??"]

1. e4 e5 2. d3 f6 3. f3 d6 4. Nc3 Nc6 5. Nge2 Nge7 6. Ng3 Ng6 7. Nh5 Nh4 8.
Nxf6+ gxf6 9. g3 Nxf3+ 10. Qxf3 Nd4 11. Qd1 Nf3+ 12. Ke2 Ng1+ 13. Rxg1 Bh6 14.
Nd5 Bxc1 15. Rxc1 c6 16. Nxf6+ Qxf6 17. g4 Bxg4+ 18. Ke3 Bxd1 19. Rxd1 O-O-O
20. Kd2 Qg5+ 21. Kc3 Qd2+ 22. Rxd2 d5 23. exd5 cxd5 24. Bh3+ Rd7 25. d4 exd4+
26. Kxd4 Re8 27. Kc5 Re3 28. Kd4 Rxh3 29. Rg8+ Kc7 30. Ke5 Re7+ 31. Kxd5 Rd7+
32. Ke6 Rd6+ 33. Kf7 Rc6 34. Rdd8 Rg3 35. Rc8+ Kb6 36. Rgd8 Rg8 37. Rxg8 Rxc8
38. Rxc8 Kb5 39. Rh8 a5 40. Rxh7 Kb4 41. Rh4+ Kb5 42. c4+ Ka4 43. Rg4 Kb4 44.
h4 a4 45. h5 a3 46. bxa3+ Kxa3 47. Rg3+ Kb4 48. h6 Kxc4 49. h7 Kd5 50. h8=Q b6
51. Qe8 b5 52. Qxb5+ Kd4 53. Qd7+ Ke5 54. Re3+ Kf4 55. Qe7 Kg4 56. a3 Kf5 57.
a4 Kg4 58. a5 Kf5 59. a6 Kg4 60. Re4+ Kf5 61. Qe6+ Kg5 62. a7 Kh5 63. a8=Q Kg5
64. Qad5# 1-0

[Event "Barber/Rockefeller Qualifier"]
[Site "Chess.com"]
[Date "2020.04.11"]
[Round "?"]
[White "Harding, Griffin"]
[Black "Chapman, Zara"]
[Result "1/2-1/2"]
[WhiteElo "421"]
[BlackElo "1000"]
[PlyCount "79"]
[EventDate "2020.??.??"]

1. e4 f5 2. f3 fxe4 3. fxe4 d6 4. Qh5+ g6 5. Qg5 e5 6. Bb5+ Kf7 7. Qxd8 Nd7 8.
Qxc7 Ke8 9. Bxd7+ Bxd7 10. Qxb7 Rb8 11. Qxa7 Ra8 12. Qxa8+ Bc8 13. Qd5 g5 14.
Qxe5+ dxe5 15. d3 Bg4 16. Nf3 Bxf3 17. gxf3 g4 18. O-O gxf3 19. Rxf3 Bb4 20.
Rf5 Ne7 21. Rxe5 Kf8 22. Bg5 Nd5 23. Rxd5 h6 24. Bxh6+ Rxh6 25. Rd4 Bc5 26. c3
Bxd4+ 27. cxd4 Re6 28. d5 Rd6 29. Kg2 Rxd5 30. exd5 Ke8 31. Nc3 Kd8 32. Nb5 Kc8
33. d6 Kb8 34. Rf1 Kb7 35. Rf6 Ka8 36. d7 Kb8 37. Rf7 Kb7 38. Rf8 Kb6 39. d8=Q+
Kb7 40. Rf6 1/2-1/2

[Event "Barber/Rockefeller Qualifier"]
[Site "Chess.com"]
[Date "2020.04.11"]
[Round "?"]
[White "Malugu, Sankalp"]
[Black "Harding, Griffin"]
[Result "0-1"]
[WhiteElo "411"]
[BlackElo "421"]
[PlyCount "92"]
[EventDate "2020.??.??"]

1. e4 e5 2. Nf3 d6 3. Bb5+ c6 4. Bc4 b5 5. Bd3 Bg4 6. h3 Qh4 7. g3 Qf6 8. hxg4
Na6 9. Be2 Nc5 10. d3 Na4 11. Bg5 Qg6 12. Nh4 Qe6 13. Nc3 Nxc3 14. bxc3 Rb8 15.
d4 Rb6 16. Be3 Ra6 17. d5 cxd5 18. exd5 Qd7 19. a4 Qb7 20. axb5 Rb6 21. Bxb6
Qxb6 22. c4 a5 23. Qd3 Be7 24. Nf5 Bf6 25. g5 Bxg5 26. Nxg7+ Ke7 27. Rh3 Nf6
28. Qc3 Qc5 29. Qa3 Qxa3 30. Rxa3 Ra8 31. Bg4 Nxg4 32. Rxh7 Kf6 33. f4 Kg6 34.
fxg5 Kxh7 35. Ne6 fxe6 36. dxe6 Ne3 37. e7 Nxc2+ 38. Kd2 Nxa3 39. b6 Nxc4+ 40.
Kd3 Nxb6 41. Ke4 a4 42. Kf5 a3 43. g6+ Kg7 44. Ke6 a2 45. e8=Q Rxe8+ 46. Kf5
a1=Q 0-1

[Event "Barber/Rockefeller Qualifier"]
[Site "Chess.com"]
[Date "2020.04.11"]
[Round "?"]
[White "Sankrithi, Sarang"]
[Black "Malugu, Sankalp"]
[Result "0-1"]
[WhiteElo "400"]
[BlackElo "411"]
[PlyCount "42"]
[EventDate "2020.??.??"]

1. e4 e5 2. Nf3 Nc6 3. Bb5 Nf6 4. O-O Bb4 5. d3 d6 6. Bg5 Bg4 7. Bxf6 gxf6 8.
Nc3 a6 9. Bxc6+ bxc6 10. Qd2 d5 11. exd5 cxd5 12. Rae1 d4 13. Na4 Bxd2 14. Re2
Bf4 15. Rxe5+ fxe5 16. Nxe5 Bxe5 17. Re1 Qg5 18. Nb6 Rd8 19. c3 Qd2 20. Rxe5+
Kf8 21. Rg5 Qd1# 0-1

[Event "Barber/Rockefeller Qualifier"]
[Site "Chess.com"]
[Date "2020.04.11"]
[Round "?"]
[White "Chapman, Zara"]
[Black "Malugu, Sankalp"]
[Result "0-1"]
[WhiteElo "1000"]
[BlackElo "411"]
[PlyCount "58"]
[EventDate "2020.??.??"]

1. d4 d5 2. Nf3 Bf5 3. Ng5 Nf6 4. e3 e6 5. Ne4 Bb4+ 6. c3 Ba5 7. Nxf6+ gxf6 8.
g4 Bg6 9. g5 fxg5 10. Rg1 Nc6 11. Rg4 f5 12. Qd3 fxg4 13. a4 Bxd3 14. Ra2 Bc4
15. h4 Bxa2 16. Na3 gxh4 17. e4 h3 18. f3 h2 19. fxg4 h1=Q 20. g5 Rg8 21. g6
hxg6 22. Nb5 Rf8 23. Nxc7+ Bxc7 24. e5 Bc4 25. a5 Bxa5 26. b4 Qxf1+ 27. Kd2
Qg5+ 28. Kc2 Qgg1 29. b5 Qxc1# 0-1

[Event "Barber/Rockefeller Qualifier"]
[Site "Chess.com"]
[Date "2020.04.11"]
[Round "?"]
[White "Chapman, Zara"]
[Black "Sankrithi, Sarang"]
[Result "0-1"]
[WhiteElo "1000"]
[BlackElo "400"]
[PlyCount "56"]
[EventDate "2020.??.??"]

1. e4 e5 2. d4 exd4 3. c4 f5 4. exf5 Bb4+ 5. Ke2 Nf6 6. f4 d6 7. c5 Bxf5 8.
cxd6 Bxb1 9. Rxb1 Nc6 10. dxc7 Qxc7 11. f5 O-O 12. g4 Rae8+ 13. Kf2 Re7 14. Qd3
Rfe8 15. Bg5 Rd7 16. Bxf6 Ne5 17. Bxe5 Rxe5 18. b3 Re3 19. Qc3 dxc3 20. a3 Bxa3
21. Ne2 c2 22. Kxe3 cxb1=Q 23. Bh3 Qxh1 24. Nc3 Qhxh2 25. g5 Qxh3+ 26. Ke2
Qhh2+ 27. Ke1 Qxc3+ 28. Kf1 Rd1# 0-1

[Event "Barber/Rockefeller Qualifier"]
[Site "Chess.com"]
[Date "2020.04.11"]
[Round "?"]
[White "Harding, Max"]
[Black "Gardner, Zachary"]
[Result "1-0"]
[WhiteElo "693"]
[BlackElo "1000"]
[PlyCount "119"]
[EventDate "2020.??.??"]

1. e4 Nc6 2. d4 Nf6 3. e5 Ne4 4. d5 Nd4 5. Qxd4 Ng5 6. Bxg5 f6 7. exf6 exf6 8.
Bxf6 gxf6 9. Nc3 Bh6 10. Qh4 Bg7 11. Ne4 f5 12. Qxd8+ Kxd8 13. Ng5 Bh6 14. Nf7+
Ke8 15. Nxh8 Bg7 16. d6 Bxh8 17. dxc7 d5 18. Bb5+ Bd7 19. Bxd7+ Kxd7 20. c8=Q+
Kxc8 21. O-O-O Kc7 22. Rxd5 Kc6 23. Rxf5 Rg8 24. Nf3 Rg4 25. Nd4+ Rxd4 26. Rd1
Rb4 27. c3 Rb5 28. Rf8 Bg7 29. Rg8 Bh6+ 30. Kc2 Bf4 31. c4 Rc5 32. Rd4 Be5 33.
Re4 Bd6 34. Re6 Rxc4+ 35. Kd3 Rc1 36. Rc8+ Kd7 37. Rxc1 Kxe6 38. Ke4 Bxh2 39.
Rh1 Bc7 40. Rxh7 Kd6 41. Kf5 b6 42. Kf6 a5 43. a4 Kc6 44. Ke6 Bd6 45. Rd7 Bb4
46. g4 b5 47. axb5+ Kxb5 48. g5 a4 49. g6 Bc3 50. Rb7+ Ka5 51. Ra7+ Kb6 52. Rh7
Bxb2 53. g7 a3 54. g8=Q a2 55. Qb8+ Kc5 56. Rc7+ Kd4 57. Qd8+ Ke4 58. Qh4+ Kd3
59. Qc4+ Kd2 60. Qxa2 1-0

[Event "Barber/Rockefeller Qualifier"]
[Site "Chess.com"]
[Date "2020.04.11"]
[Round "?"]
[White "Gardner, Zachary"]
[Black "Nelson, Josh"]
[Result "1/2-1/2"]
[WhiteElo "1000"]
[BlackElo "480"]
[PlyCount "199"]
[EventDate "2020.??.??"]

1. e4 e5 2. Bc4 Na6 3. Nf3 d6 4. Qe2 Qf6 5. Qd3 Bg4 6. h3 Bxf3 7. gxf3 d5 8.
exd5 Bc5 9. O-O O-O-O 10. c3 Qg6+ 11. Kh2 Qxd3 12. Bxd3 Re8 13. b4 Bd6 14. b5
Nb8 15. Bf5+ Re6 16. Bxe6+ fxe6 17. dxe6 h5 18. e7 Nxe7 19. c4 a6 20. bxa6 bxa6
21. Nc3 Bb4 22. f4 exf4 23. Rb1 Bxc3 24. dxc3 Nbc6 25. Rd1 g5 26. Ba3 Re8 27.
h4 gxh4 28. Kh3 Nf5 29. Rd5 Re5 30. Rxe5 Nxe5 31. Re1 Nxc4 32. Bd6 Ncxd6 33.
Re5 a5 34. Re8+ Kd7 35. Rh8 f3 36. Rxh5 c5 37. Kg4 Ke6 38. Rh6+ Ke5 39. Kxf3 c4
40. Rh7 a4 41. Ra7 a3 42. Rxa3 Nb5 43. Ra5 Nfd4+ 44. Kg4 Nf5 45. Rxb5+ Kf6 46.
a3 Nd6 47. Rb6 Ke5 48. a4 Kd5 49. a5 Kc5 50. Rb8 Nb5 51. a6 h3 52. Kxh3 Kc6 53.
Rc8+ Kb6 54. f4 Nxc3 55. f5 Nd5 56. a7 Kxa7 57. Rxc4 Kb6 58. Rd4 Kc5 59. Rg4
Kd6 60. Rg5 Ke5 61. Kg4 Ke4 62. Rg6 Nf4 63. Rg5 Nd5 64. Rh5 Ke5 65. Kg5 Nf6 66.
Rh6 Ne4+ 67. Kg6 Nf6 68. Kg5 Ne4+ 69. Kg4 Nf2+ 70. Kg3 Ne4+ 71. Kg4 Kd4 72. f6
Nd6 73. Rh7 Ke5 74. f7 Nxf7 75. Rxf7 Ke6 76. Rg7 Kf6 77. Rg5 Ke6 78. Kf4 Kd6
79. Kf5 Kd5 80. Kf6+ Ke4 81. Re5+ Kf4 82. Rf5+ Kg4 83. Kg6 Kh3 84. Rh5+ Kg4 85.
Rg5+ Kf4 86. Kf6 Ke4 87. Ke6 Kf4 88. Rf5+ Kg4 89. Kf6 Kg3 90. Kg5 Kh3 91. Rf3+
Kg2 92. Rf4 Kg3 93. Kf5 Kg2 94. Kg4 Kh2 95. Rf2+ Kg1 96. Kg3 Kh1 97. Rh2+ Kg1
98. Rf2 Kh1 99. Kh3 Kg1 100. Kg3 1/2-1/2

[Event "Barber/Rockefeller Qualifier"]
[Site "Chess.com"]
[Date "2020.04.11"]
[Round "?"]
[White "Stein, Mary"]
[Black "Gardner, Zachary"]
[Result "1-0"]
[WhiteElo "805"]
[BlackElo "1000"]
[PlyCount "70"]
[EventDate "2020.??.??"]

1. e4 Nc6 2. Nc3 Nf6 3. Nf3 d6 4. Bb5 a6 5. Bxc6+ bxc6 6. O-O Bg4 7. h3 Bxf3 8.
Qxf3 e5 9. d3 Be7 10. Bg5 O-O 11. Bxf6 Bxf6 12. a4 Rb8 13. b3 d5 14. exd5 cxd5
15. Nxd5 c6 16. Nxf6+ gxf6 17. Qg4+ Kh8 18. Rae1 Rg8 19. Qh5 Rg5 20. Qh6 Rg6
21. Qh5 Qe8 22. Re4 Rg5 23. Qf3 f5 24. Rh4 e4 25. dxe4 fxe4 26. Qf6+ Rg7 27.
Qf5 Qe7 28. f3 Qxh4 29. fxe4 Rg5 30. Qd7 Rgg8 31. Rxf7 Rbd8 32. Qxc6 Rde8 33.
Qc3+ Rg7 34. Rxg7 Rg8 35. Rg6+ Rg7 1-0